000 00841nam a22002055i 4500
001 164286
003 ES-MaACL
005 20231223063111.0
008 991217q1839 sp |||| | spa d
080 _a376.1-053.2-056.263
100 1 _aLa Sagra, Ramón de,
_d1798-1871
_9101445
245 1 0 _aDiscurso leído por D. Ramón de la Sagra el día 29 de diciembre de 1839 al terminarse los exámenes de los alumnos del Colegio de Sordo-Mudos de Madrid.
260 _a[Madrid :
_bs.n.,
_c1839?]
300 _a7 p. ;
_c21 cm.
530 _aDisponible en formato digital.
650 4 _aNiños sordos-
_xEducación.
_9143196
852 4 _aES-MaACL
_jT-20-F-4
_z- Enc. hol.
_z- Enc. en un vol. facticio
856 4 _uhttp://bdh-rd.bne.es/viewer.vm?id=0000266174&page=1
_zBiblioteca Digital Hispánica
999 _c164286
_d164286